20 największych obiektów w Układzie Słonecznym - Statystyki

Ogólne statystyki
  • Ten quiz został rozwiązany 91 razy
  • Średni wynik to 15 z 20
Statystyki odpowiedzi
Miejsce Średnica Obiekt % Poprawnych
2 139 820 km Jowisz
100%
11 4 879 km Merkury
100%
1 1 392 700 km Słońce
100%
8 6 779 km Mars
99%
5 49 244 km Neptun
99%
4 50 724 km Uran
99%
6 12 742 km Ziemia
99%
3 116 460 km Saturn
97%
7 12 104 km Wenus
97%
17 2 376 km Pluton
90%
14 3 474 km Księżyc
81%
15 3 121 km Europa
68%
10 5 149 km Tytan
57%
9 5 268 km Ganimedes
54%
13 3 643 km Io
54%
12 4 820 km Kallisto
44%
16 2 706 km Tryton
38%
18 2 326 km Eris
32%
19 1 632 km Haumea
25%
20 1578 km Tytania
22%
Nie znaleziono quizów pasujących do podanych kryteriów
Rozkład punktacji
Procent ludzi z każdym wynikiem
Percentyl według liczby udzielonych odpowiedzi
Twoja historia wyników
Nie rozwiązałeś tego quizu